Quizzes
Events
Quiz Creation
Community
Videos
Private Events
Remove Ads
Sign In
Join for FREE
Feedback
Dark Mode
Quiz Categories
Sports
Geography
Music
Movies
Television
Just For Fun
Miscellaneous
History
Literature
Language
Science
Gaming
Entertainment
Religion
Holiday
For Kids
Quiz Lab
Recent
Popular Today
Quiz Kudos Today
Editor Picks
Curator Picks
Quizzes by...
Day
Popularity
Type
Ratings
Length
Year
Community
Subscriptions
Recent Discussions
Orange Saloon
Badges
Playlists
Quests
Create
Leaderboards
Showdown
Live 5
Trivia Bingo
Activity
Puzzle Library
Sporcle Events
Private Events
Virtual Trivia
Globe League
Become a Host
Pub Owners
SporcleCon
Opinionation
Our Games
Videos
Blog
Mobile Apps
Partnerships
Remove Ads and Go Orange
Feedback
Television
TV Characters
TV Show
Sitcom
Network
Friends
Reality Shows
Cast
South Park
Star Trek
The Simpsons
Doctor Who
Television
TV Characters
TV Show
Sitcom
Network
Friends
Reality Shows
Cast
South Park
Star Trek
The Simpsons
Doctor Who
Random Quiz
Search Sporcle
×
Quiz Lab
Quiz Lab
Television
Rock
Type in answers that appear in a list
Type in answers that appear in a list
Classic
Best Score? Go Orange.
30 Rock's Frank Rossitano's Hats Stats
Can you name the Hats worn by Frank in Season 1 of 30 Rock?
By
thc118
15m
32 Questions
29 Plays
29 Plays
29 Plays
Comments
Comments
Give Quiz Kudos
Give Quiz Kudos
-
- Ratings
hide this ad
Replay
Link that replays current quiz
Next Quiz
Link to next quiz in quiz playlist
You Got
0%
They Got
Avg Score
14%
Avg Friend Score
Upgrade to see
Score Distribution
Jump to the score distribution portion of the page
Score
0/32
Timer
15:00
0
Plays Today
Episode
Saying
% Correct
Up All Night
Extra Cheese
72.4%
Pilot
Ninja Expert
41.4%
The Fighting Irish
Liz Rocks
31%
The 'C' Word
1000000 Points
27.6%
Blind Date
Extra Sausage
13.8%
Blind Date
Double Cheese
13.8%
Jack the Writer
Bigfoot Expert
13.8%
Fireworks
Beef Ravioli
13.8%
Cleveland
Alabama Legsweep
13.8%
The Aftermath
Done Deal
10.3%
Blind Date
Joystick Master
10.3%
Jack the Writer
Arcade Champ
10.3%
Jack-
tor
Hand Held
10.3%
The Break-
Up
Over Easy
10.3%
The Break-
Up
ESP Tutor
10.3%
The Break-
Up
Kung Fu Beech
10.3%
Episode
Saying
% Correct
The Baby Show
Rods
10.3%
The Rural Juror
Karate ****
10.3%
The Rural Juror
Beef N Bean
10.3%
The Head and The Hair
Smells
10.3%
Black Tie
High Score
10.3%
The 'C' Word
UFO Cop
10.3%
The Source Awards
Coool as Ice
10.3%
The Source Awards
Time Travel Agent
10.3%
Fireworks
Mash Potatos
10.3%
Fireworks
Atomic Super Kick
10.3%
Corporate Crush
Mystery Solver
10.3%
Corporate Crush
Bahama Trapezoid
10.3%
Hiatus
Force Field
10.3%
Hiatus
Alien Knight Force
10.3%
Hard Ball
Squeeze It
6.9%
The 'C' Word
Happy New Year
0%
Quiz Playlist
Details
Report
Send in Message
Add To Playlist
Classic:
Type in answers that appear in a list
Last Updated: Feb 16, 2017
Quiz Scoreboard
CHALLENGE
Sign Up to Join the Scoreboard
Show All
Scores
Hide
Comments
May contain spoilers
Recently Published
Presidents Visiting Landmarks
by Hejman
History
7m
An Introduction to Baseball
by treessimontrees
Sports
5m
Movies - When Are They Set?
by FPL_Elf
Movies
5m
More to Explore
Quiz From the Vault
Featured Blog Post
Where Did the Easter Bunny Come From?
hide this ad
You Might Also Like...
Tags
Rock Quiz
30 Rock
episode
frank
hat
Saying
season
Season 1
Worn
Today's Top Quizzes in Television
Browse Television
hide this ad
Today's Top Quizzes in Rock
Browse Rock
Top Contributed Quizzes in Television
1
One Piece Logic Puzzle
2
5-to-1: The Simpsons Families
3
Survivor Logic Puzzle: Heroes vs. Villains
4
5-to-1: Television Doctors
5
7-to-1: TV Show Settings
6
Survivor Seasons
7
5-to-1: Streaming Originals
8
Survivor Season by Logo
9
One Thing in Common: Television
10
TV Shows by First Names
Explore More
Trending Topics
NBA
Anime
Crossword
Kpop
Harry Potter
Disney
Marvel
WWE
Puzzle
Pokémon
Country
Soccer
NFL
The Office
Song
hide this ad
More By:
thc118
Quiz
Plays
Rating
Category
Featured
Created
The Office Cold Openings, Season 3
2,739
3.67
Television
Apr 9, 2010
The Office Cold Openings, Season 2
2,241
4.11
Television
Apr 8, 2010
The Office Cold Openings, Season 4
964
4.60
Television
Apr 10, 2010
30 Rock's Frank Rossitano's Hats
29
5.00
Television
Nov 23, 2009
Hats of Frank Rossitano (Season 2)
15
5.00
Television
Nov 23, 2009
Go to Creator's Profile
Score Distribution
Quiz Creator Spotlight
thc118
Follow
Send a Message
Quizzes Created
-
Created Quiz Play Count
-
More By This Creator
Popular Quizzes Today
1
Find the Countries of Europe - No Outlines Minefield
2
Find the US States - No Outlines Minefield
3
The Countries of the World
4
Popular People in 1961
5
Find the US States
6
US States
7
1-10 Letter E Words III
8
Risky Map Clicking: Biggest States A-Z
More Television Quizzes
Friends Characters: Wordsearch
Quiz Lab
Trending Quizzes
Risky Map Clicking: Least Populous States A-Z
1-10 Letter F Words
1-10 Letter G Words
One Thing in Common: United Kingdom
Risky Map Clicking: Next State Alphabetically
Recently Updated
Leaping Animals
pecheneg
Reality TV Shows (A-Z)
bhenderson79
Rickey Henderson's Hall of Fame Teammates
pecheneg
Champions League XIs: Arsenal
pecheneg
Quick Pick: Celebrities in WWE's Hall of Fame
aduchscher
A-Z Keypad Blitz II
pecheneg
Multiple Oscar Actors
pecheneg
Mystery Phrase Blitz: Oscar 'Best Actors'
pecheneg
F. Scott Fitzgerald Novels
LTH
Pick 3 Villains
ddd62291
Trending Topics
Kpop
NBA
Anime
Crossword
Marvel
Harry Potter
Disney
Country
The Office
NFL
Song
WWE
Soccer
Puzzle
Pokémon
Your Account Isn't Verified!
In order to create a playlist on Sporcle, you need to verify the email address you used during registration. Go to your
Sporcle Settings
to finish the process.
Report this User
Report this user for behavior that violates our
Community Guidelines
.
Details:
Send Report
Go to the Sporcle.com Mobile Site →
Comments